Estrategias y recursos didácticos para la enseñanza de las Ciencias Sociales
Guardat en:
| Autor principal: | |
|---|---|
| Format: | Desconegut |
| Idioma: | anglès |
| Publicat: |
Madrid, España
Ediciones Pirámide,
2019
|
| Col·lecció: | Pedagogía y Didáctica
|
| Matèries: | |
| Etiquetes: |
Afegir etiqueta
Sense etiquetes, Sigues el primer a etiquetar aquest registre!
|
MARC
| LEADER | 00000 a2200000 4500 | ||
|---|---|---|---|
| 003 | CL-VaPUC | ||
| 005 | 20230822123055.0 | ||
| 008 | 210906b2019 ||||| |||| 00| 0 eng d | ||
| 999 | |c 433546 |d 433544 | ||
| 020 | |a 978-84-368-4160-2 | ||
| 040 | |c Pontificia Universidad Católica de Valparaíso | ||
| 082 | |a 372.83 HER 2019 | ||
| 100 | 1 | |a Hernández Carretero, Ana María |9 862942 |e coordinadora | |
| 245 | 1 | |a Estrategias y recursos didácticos para la enseñanza de las Ciencias Sociales | |
| 260 | |a Madrid, España |b Ediciones Pirámide, |c 2019 | ||
| 300 | |a 230 páginas | ||
| 490 | |a Pedagogía y Didáctica | ||
| 583 | |k GC |c 20210906 | ||
| 650 | 0 | |a Enseñanza de las ciencias sociales |x Recursos didácticos |x Videojuegos |9 337823 | |
| 650 | 0 | |a Enseñanza de la geografía |x Recursos cartográficos online |9 310005 | |
| 942 | |2 ddc |c BK | ||
| 952 | |0 0 |1 0 |2 ddc |4 0 |6 372_830000000000000_HER_2019 |7 0 |8 A |9 578796 |a BIBHIS |b BIBHIS |d 2021-09-06 |e 52 |g 25766.02 |i 5588421 |o 372.83 HER 2019 |p 5588421 |r 2025-01-20 |t 1 |v 25766.02 |w 2021-09-06 |y BK |k HIS | ||
| 952 | |0 0 |1 0 |2 ddc |4 0 |6 372_830000000000000_HER_2019 |7 0 |8 A |9 582964 |a BIBEDU |b BIBEDU |d 2022-05-06 |e 74 |g 35558.00 |i 5651122 |o 372.83 HER 2019 |p 5651122 |r 2022-05-06 |t 2 |v 35558.00 |w 2022-05-06 |y BK |k PAR | ||
| 952 | |0 0 |1 0 |2 ddc |4 0 |6 372_830000000000000_HER_2019 |7 0 |8 A |9 591678 |a BIBEDU |b BIBEDU |c L_POSLL |d 2023-09-25 |e 3 |g 28596.00 |i 5658781 |o 372.83 HER 2019 |p 5658781 |r 2023-09-25 |t 3 |v 28596.00 |w 2023-09-25 |y BK |k PAR | ||